[Event "KNSB Bekerfinale 2012"]
[Site "Bunschoten NED"]
[Date "2012.05.17"]
[Round "1.1"]
[White "Van Veen,O"]
[Black "Van Wely,L"]
[Result "0-1"]
[WhiteElo "2236"]
[BlackElo "2682"]

1.e4 c5 2.c3 Nf6 3.e5 Nd5 4.Nf3 e6 5.d4 cxd4 6.cxd4 d6 7.Bc4 Nb6 8.Bd3 dxe5
9.dxe5 Na6 10.O-O Nc5 11.Bb5+ Bd7 12.Nc3 Bxb5 13.Nxb5 Nd5 14.Qd4 Qb6 15.Nd6+ Bxd6
16.exd6 O-O 17.Be3 Rac8 18.Rac1 Nd7 19.Qxd5 exd5 20.Bxb6 Nxb6 21.Rfe1 f6
22.Nd4 Rxc1 23.Rxc1 Nc4 24.Ne6 Rf7 25.Rd1 Rd7 26.Rxd5 Kf7 27.Nc5 Rxd6 28.Rxd6 Nxd6
29.Kf1 b6 30.Nd3 Ke6 31.Ke2 Kd5 32.Nf4+ Ke5 33.Nd3+ Kd4 34.Kd2 g5 35.Nb4 Nc4+
36.Kc2 Ne5 37.Kd2 Nc4+ 38.Kc2 a5 39.Nc6+ Ke4 40.Kc3 Nd6 41.Nd4 h5 42.Nf3 h4
43.Nd2+ Kd5 44.Kd3 f5 45.Ke3 b5 46.Kd3 Nb7 47.Nb3 a4 48.Nd2 Nc5+ 49.Kc3 g4
50.f3 h3 51.gxh3 gxh3 52.Nf1 Ke5 53.Kd2 Kf4 54.Ke2 Ne6 55.Kf2 Nd4 56.Ne3 Nxf3
57.Nd5+ Ke5 58.Nc3 Nxh2 59.Kg3 Nf1+ 60.Kxh3 Ne3 61.Kg3 Nc4 62.b3 axb3 63.axb3 Nd6
64.Ne2 Ne4+ 65.Kg2 b4 66.Kf1 Nd2+  0-1

[Event "KNSB Bekerfinale 2012"]
[Site "Bunschoten NED"]
[Date "2012.05.17"]
[Round "2.1"]
[White "Van Veen,O"]
[Black "Smeets,J"]
[Result "0-1"]
[WhiteElo "2236"]
[BlackElo "2620"]

1.e4 c5 2.c3 Nf6 3.e5 Nd5 4.Nf3 Nc6 5.Bc4 Nb6 6.Bb3 d5 7.exd6 Qxd6 8.Na3 a6
9.O-O Bf5 10.d4 cxd4 11.Nxd4 Nxd4 12.cxd4 e6 13.Qf3 Qc6 14.d5 Nxd5 15.Nc4 Be7
16.Ne5 Qd6 17.Nc4 Qc6 18.Ne5 Qd6 19.Nc4 Qb8 20.Na5 Qe5 21.Bd2 O-O 22.Rfe1 Qxb2
23.Rad1 Bc2 24.Bxd5 Bxd1 25.Qxd1 Rad8  0-1

[Event "ch-CZE 2012"]
[Site "Kouty nad Desnou CZE"]
[Date "2012.05.17"]
[Round "6"]
[White "Nepomucky,O"]
[Black "Lechtynsky,J"]
[Result "1/2-1/2"]
[WhiteElo "2254"]
[BlackElo "2382"]

1.e4 c5 2.c3 Nf6 3.e5 Nd5 4.d4 cxd4 5.Nf3 e6 6.cxd4 d6 7.Bc4 Nc6 8.O-O Be7
9.Qe2 O-O 10.Rd1 Qc7 11.Bd2 Rd8 12.Nc3 dxe5 13.dxe5 Nxc3 14.Bxc3 Rxd1+ 15.Rxd1 Bd7  1/2-1/2

[Event "ch-CZE 2012"]
[Site "Kouty nad Desnou CZE"]
[Date "2012.05.18"]
[Round "7"]
[White "Janacek,J"]
[Black "Svobodova,M"]
[Result "0-1"]
[WhiteElo "2064"]
[BlackElo "2094"]

1.e4 c5 2.c3 Nf6 3.e5 Nd5 4.Nf3 e6 5.Bc4 d6 6.d4 cxd4 7.Bxd5 exd5 8.Qxd4 Nc6
9.Qxd5 dxe5 10.Qxd8+ Kxd8 11.Ng5 Ke8 12.f4 f6 13.Ne4 f5 14.Ng3 e4 15.Be3 Be6
16.Nd2 Kf7 17.O-O-O Be7 18.Nb3 b6 19.Nd4 Nxd4 20.Bxd4 Rhd8 21.b3 Rac8 22.h4 Bf6
23.Bxf6 Kxf6 24.Rxd8 Rxd8 25.Rd1 Rc8 26.Kb2 g6 27.Nf1 h6 28.Rd6 g5 29.hxg5+ hxg5
30.g3 gxf4 31.gxf4 Rh8 32.Rd2 Rh4 33.Rf2 Bf7 34.c4 Rh3 35.Kc2 Rd3 36.Nd2 Bh5
37.Rh2 Kg6 38.b4 Ra3 39.Kb2 Rg3 40.c5 bxc5 41.bxc5 e3 42.Nc4 e2 43.Ne5+ Kf6
44.Rh1 Ke7 45.Re1 Kd8 46.Nc6+ Kc7 47.Nd4 Rd3 48.Nc2 Rd1 49.Kc3 Kc6 50.Kc4 Bf7+
51.Kc3 Rxe1 52.Nxe1 Kxc5 53.Nd3+ Kd5 54.Kd2 Ke4 55.Nf2+ Kf3 56.Nd3 Bxa2 57.Ke1 Bd5
58.Nb4 Be4 59.Na6 Bc6 60.Nc5 Bb5 61.Nb3 a6 62.Kd2 Kf2  0-1

[Event "21st CRO-Cup"]
[Site "Sibenik CRO"]
[Date "2012.05.18"]
[Round "4.72"]
[White "Trbojevic,M"]
[Black "Dulic,G"]
[Result "0-1"]
[WhiteElo "2312"]
[BlackElo "2272"]

1.e4 c5 2.c3 Nf6 3.e5 Nd5 4.Nf3 Nc6 5.d4 cxd4 6.cxd4 e6 7.Bc4 d6 8.O-O Be7
9.Qe2 O-O 10.Re1 Qc7 11.Bxd5 exd5 12.Nc3 Be6 13.Nb5 Qd8 14.Bf4 dxe5 15.dxe5 a6
16.Nbd4 Nxd4 17.Nxd4 Qb6 18.Be3 Bc5 19.Rad1 Rfc8 20.Rd3 Bxd4 21.Bxd4 Qb5
22.Qd2 Bf5 23.Rg3 Rc2 24.Rxg7+ Kxg7 25.Qg5+ Kf8 26.e6 Bg6 27.Qh6+ Ke7 28.Qg5+ Kd6
29.Qe5+ Kc6 30.exf7 Qb4  0-1

[Event "50th ch-IND Challengers 2012"]
[Site "Tirupati IND"]
[Date "2012.05.20"]
[Round "4.11"]
[White "Joshi,GB"]
[Black "Suvrajit,S"]
[Result "1/2-1/2"]
[WhiteElo "2228"]
[BlackElo "2365"]

1.e4 c5 2.c3 Nf6 3.e5 Nd5 4.d4 cxd4 5.Nf3 Nc6 6.cxd4 d6 7.Bc4 e6 8.O-O Be7
9.Qe2 O-O 10.Bd2 Qb6 11.Nc3 Nxc3 12.Bxc3 dxe5 13.dxe5 Rd8 14.Rad1 Bd7 15.h4 Be8
16.h5 Rxd1 17.Rxd1 Rd8 18.h6 Rxd1+ 19.Qxd1 g6 20.Qe2 Bf8 21.Qd2 Qc5 22.Bf1 b5
23.a3 Qb6 24.Nh2 a5 25.Ng4 b4 26.Nf6+ Kh8 27.Nxe8 bxc3 28.Qxc3 Qc5 29.Qf3 Nxe5
30.Qf4 f5 31.b4 axb4 32.axb4 Qc3 33.b5 Bc5 34.Nf6 Qd4 35.Qxd4 Bxd4 36.Be2 Bb6
37.Kf1 Bd8 38.f4 Bxf6 39.fxe5 Bxe5 40.Bc4 Bf4 41.Bxe6 Bxh6 42.b6 Bf4 43.g4 fxg4
44.Bxg4 Kg7 45.Kg2 Kf6 46.Kf3 Bb8 47.Bd7 Kg5 48.Be6 Kh4 49.Bg8 h5 50.Bf7 g5
51.Be6 g4+ 52.Kg2 Kg5  1/2-1/2

[Event "ch-UZB Major 2012"]
[Site "Tashkent UZB"]
[Date "2012.05.22"]
[Round "6"]
[White "Khamrakulov,D"]
[Black "Alikulov,Elbek"]
[Result "1-0"]
[WhiteElo "2457"]
[BlackElo "2249"]

1.e4 c5 2.c3 Nf6 3.e5 Nd5 4.Nf3 e6 5.d4 cxd4 6.cxd4 Nc6 7.Bc4 d6 8.O-O Be7
9.Qe2 O-O 10.Nc3 Nb6 11.Bb3 a5 12.a3 a4 13.Bc2 d5 14.g3 f5 15.exf6 gxf6 16.Re1 Bd6
17.Qd1 f5 18.Nxa4 Nxa4 19.Bxa4 f4 20.Ne5 fxg3 21.hxg3 Qf6 22.Bf4 Qg7 23.Kh2 Ne7
24.Bc2 Kh8 25.Qh5 Nf5 26.Rad1 Be7 27.Rh1 Kg8 28.Kg2 b5 29.Bh6 Nxh6 30.Qxh6 Qxh6
31.Rxh6  1-0

[Event "Albena Masters Open 2012"]
[Site "Albena BUL"]
[Date "2012.05.26"]
[Round "1.14"]
[White "Stamnov,A"]
[Black "Grigoryan,K2"]
[Result "1/2-1/2"]
[WhiteElo "2191"]
[BlackElo "2517"]

1.e4 c5 2.c3 Nf6 3.e5 Nd5 4.d4 cxd4 5.Nf3 e6 6.cxd4 d6 7.Bc4 Nb6 8.Bd3 Bd7
9.O-O Bc6 10.Nc3 Be7 11.Re1 O-O 12.Qc2 Bxf3 13.Bxh7+ Kh8 14.gxf3 g6 15.Qd2 g5
16.Bc2 dxe5 17.Rxe5 Rg8 18.d5 N8d7 19.Re2 Nf8 20.Bb3 Rg6 21.Qe3 Qc7 22.Qe5+ Qxe5
23.Rxe5 Bf6 24.Re2 Bxc3 25.bxc3 Nxd5 26.Bxd5 exd5 27.Re7 Kg8 28.Rxb7 Rc6
29.Bd2 Ne6 30.Rd7 Rd8 31.Rxa7 d4 32.cxd4 Nxd4 33.Be3 Nc2 34.Rf1 Nxe3 35.fxe3 Rd3
36.e4 Kg7 37.Ra5 Kg6 38.Rd5 Ra3 39.Rf2 Rca6 40.Rdd2 f5 41.e5 Re6 42.f4 gxf4
43.Rd6 Rxd6 44.exd6 Rd3 45.a4 Rxd6 46.Ra2 Kg5 47.a5 Ra6 48.Kf2 Kg4 49.Ra4 Rh6
50.Kg2 Ra6 51.h3+ Kg5 52.Kf3 Rh6 53.Kg2 f3+ 54.Kg3 f4+ 55.Kh2 f2 56.Kg2 Rxh3  1/2-1/2

[Event "ch-UZB Major 2012"]
[Site "Tashkent UZB"]
[Date "2012.05.26"]
[Round "10"]
[White "Faizulaev,A"]
[Black "Kvon,A"]
[Result "1/2-1/2"]
[WhiteElo "2289"]
[BlackElo "2499"]

1.e4 c5 2.c3 Nf6 3.e5 Nd5 4.d4 cxd4 5.Nf3 e6 6.cxd4 d6 7.Bc4 Nb6 8.Bd3 Bd7
9.O-O Bc6 10.Nc3 Be7 11.Ne4 Bxe4 12.Bxe4 d5 13.Bd3 Nc6 14.Qe2 a6 15.Be3 Nb4
16.Bb1 Nc4 17.a3 Nc6 18.Bd3 Nxe3 19.fxe3 O-O 20.Rac1 f5 21.exf6 Bxf6 22.Kh1 Qd6
23.Qc2 g6 24.Bxg6 hxg6 25.Qxg6+ Kh8 26.Qh6+ Kg8 27.Qg6+ Kh8 28.Qh6+ Kg8 29.Qg6+  1/2-1/2

[Event "Vlado Andriusaicio Rapid A 2012"]
[Site "Vilnius LTU"]
[Date "2012.05.27"]
[Round "8"]
[White "Bagdzius,G"]
[Black "Zagorskis,D"]
[Result "0-1"]
[WhiteElo "1998"]
[BlackElo "2493"]

1.e4 c5 2.c3 Nf6 3.e5 Nd5 4.Nf3 e6 5.Bc4 d6 6.O-O Nc6 7.d4 cxd4 8.cxd4 Be7
9.Bxd5 exd5 10.h3 O-O 11.Nc3 Be6 12.Re1 h6 13.Bf4 dxe5 14.Nxe5 Rc8 15.Nf3 Re8
16.Rc1 Bf8 17.Ne2 Qb6 18.Qd2 Na5 19.Rxc8 Rxc8 20.Rb1 Bf5 21.Rc1 Nc4 22.Qe1 Qxb2
23.Ng3 Bh7 24.Qe2 Qxe2 25.Nxe2 Ba3 26.Rc3 b5 27.Ne5 Bf8 28.Rg3 Nd6 29.Nd7 Ne4
30.Rb3 a6 31.f3 Ng5 32.Rc3 Re8 33.Kf2 Ne6 34.Nxf8 Rxf8 35.Rc6 Bd3 36.Be3 Ra8
37.Nf4 Nxf4 38.Bxf4 b4 39.Ke3 Bc4 40.Rb6 Re8+ 41.Be5 f6 42.Rb8 Rxb8 43.Bxb8 Bxa2
44.Bd6 a5 45.Kd2 Bc4 46.Bc7 a4 47.Ba5 b3 48.Bb4 Bf1 49.g3 Bxh3 50.Ba3 Kf7
51.Ke3 g5 52.Bb2 h5 53.Ba3 Bd7 54.Bc1 h4 55.gxh4 gxh4 56.Kf4 h3 57.Kg3 Bf5  0-1

[Event "Albena Masters Open 2012"]
[Site "Albena BUL"]
[Date "2012.05.28"]
[Round "3.28"]
[White "Siclovan,C"]
[Black "Spassov,L"]
[Result "1-0"]
[WhiteElo "2180"]
[BlackElo "2353"]

1.e4 c5 2.c3 Nf6 3.e5 Nd5 4.d4 cxd4 5.Nf3 e6 6.cxd4 b6 7.Bd3 Ba6 8.O-O Be7
9.Nc3 Nxc3 10.bxc3 Bxd3 11.Qxd3 d5 12.exd6 Qxd6 13.Ba3 Qd8 14.Bxe7 Kxe7 15.c4 f6
16.Rfe1 Nd7 17.Qe3 Nf8 18.d5 e5 19.Nxe5 fxe5 20.Qxe5+ Kf7 21.Re3 Qd7 22.d6 Re8
23.Qd5+ Re6 24.Rae1 g6 25.Rf3+ Kg7 26.Qd4+ Kg8 27.Rxf8+  1-0

[Event "ch-GER Junior U18 2012"]
[Site "Oberhof GER"]
[Date "2012.05.28"]
[Round "4.1"]
[White "Friedrich,Wi"]
[Black "Braun,Geo"]
[Result "1/2-1/2"]
[WhiteElo "2251"]
[BlackElo "2187"]

1.e4 c5 2.c3 Nf6 3.e5 Nd5 4.Nf3 Nc6 5.d4 cxd4 6.cxd4 d6 7.Bc4 Nb6 8.Bb5 dxe5
9.Nxe5 Bd7 10.Bxc6 Bxc6 11.Nxc6 bxc6 12.O-O g6 13.Re1 Bg7 14.Bg5 O-O 15.Nc3 Qxd4
16.Rxe7 Qxd1+ 17.Rxd1 Bxc3 18.bxc3 Nd5 19.Rb7 Rfb8 20.Rxb8+ Rxb8 21.Bd2 h5
22.Kf1 f6 23.c4 Nb6 24.Bf4 Rc8 25.c5 Nd5 26.Bd6 Rd8 27.Rb1 a5 28.Rb7 a4 29.Ke1 Nc3
30.f3 Nb5 31.Rb6 Nxd6 32.cxd6 Rxd6 33.Ra6  1/2-1/2

[Event "Albena Masters Open 2012"]
[Site "Albena BUL"]
[Date "2012.05.29"]
[Round "4.25"]
[White "Tscharotschkin,M"]
[Black "Ashwin,J"]
[Result "0-1"]
[WhiteElo "2192"]
[BlackElo "2471"]

1.e4 c5 2.c3 Nf6 3.e5 Nd5 4.Nf3 e6 5.d4 cxd4 6.cxd4 d6 7.Nc3 Nxc3 8.bxc3 Qc7
9.Bd2 Nd7 10.Bb5 a6 11.exd6 Bxd6 12.Bd3 O-O 13.O-O b6 14.Qc2 g6 15.Rfe1 Bb7
16.Be4 b5 17.Bxb7 Qxb7 18.a4 Nb6 19.axb5 axb5 20.Qb3 Nc4 21.Bh6 Rfc8 22.Nd2 Qd5
23.Rxa8 Rxa8 24.Nxc4 bxc4 25.Qb6 Bxh2+ 26.Kxh2 Qh5+ 27.Kg1 Qxh6 28.Qc6 Ra3
29.Qxc4 Qd2 30.Qe2 Qxe2 31.Rxe2 Rxc3 32.Rd2 Kf8 33.f4 Rc7 34.Kf2 Ke7 35.Rd3 h5
36.Kf3 Kd6 37.Ra3 Ke7 38.Rd3 Kf6 39.Ra3 Rc2 40.Rd3 Kf5 41.g3 Rc4 42.d5 e5
43.fxe5 Kxe5 44.d6 Rc8 45.g4 hxg4+ 46.Kxg4 f6 47.d7 Rd8 48.Re3+ Kd6 49.Re8 Kxd7
50.Re1 Re8 51.Rh1 Ke6 52.Rh6 Kf7  0-1

[Event "Albena Masters Open 2012"]
[Site "Albena BUL"]
[Date "2012.06.01"]
[Round "7.29"]
[White "Siclovan,C"]
[Black "Dobrev,Nay"]
[Result "0-1"]
[WhiteElo "2180"]
[BlackElo "2289"]

1.e4 c5 2.c3 Nf6 3.e5 Nd5 4.d4 e6 5.Nf3 cxd4 6.cxd4 d6 7.Nc3 Nxc3 8.bxc3 Bd7
9.Bd3 Bc6 10.Ba3 dxe5 11.Bxf8 Kxf8 12.Nxe5 Nd7 13.Nxc6 bxc6 14.Qf3 Rc8 15.O-O g6
16.Be4 Qf6 17.Qd3 Kg7 18.Qa6 Rc7 19.Rab1 Qf4 20.Bf3 c5 21.Rb7 cxd4 22.cxd4 Rhc8
23.Qxa7 Rc1 24.Rxd7 Rxf1+ 25.Kxf1 Qc1+ 26.Ke2 Qc2+ 27.Ke3 Rc3+ 28.Kf4 Qf5+
29.Kg3 h5 30.Rxf7+ Qxf7 31.Qxf7+ Kxf7 32.Kf4 Ra3 33.d5 Kf6 34.dxe6 Rxa2 35.Kg3 Kxe6
36.Bb7 Ra3+ 37.f3 Ra4 38.h4 Ke5 39.Bc6 Rf4 40.Bb7 Rf6 41.Be4 Kd4 42.Bb7 Ke3
43.Bd5 Rd6 44.Bc4 Kd4 45.Bf7 Ke5 46.Bb3 Kf6 47.Bc2 Rc6 48.Be4 Rc3 49.Kf4 Rc5
50.Kg3 g5 51.hxg5+ Rxg5+ 52.Kh3 Ke5 53.g3 Kf6 54.Kh4 Re5 55.Bc6 Kg7 56.f4 Rc5
57.Be4 Kh6 58.Bf3 Rc2 59.Kh3 Rf2 60.Be4 Rb2 61.Bf5 Kg7 62.Be4 Rf2 63.Kh4 Rh2+
64.Kg5 Rh3 65.g4 h4 66.f5 Re3 67.f6+ Kf8 68.Kf4 Ra3 69.g5 h3 70.Bd5 Rd3 71.Be6 h2
72.g6 Rf3+ 73.Kxf3 h1=Q+ 74.Kf4 Qh6+  0-1

[Event "Campeonato Individual Madrid 2012"]
[Site "Madrid ESP"]
[Date "2012.06.01"]
[Round "1.2"]
[White "Ramirez Garcia,J"]
[Black "Candela Perez,J"]
[Result "1/2-1/2"]
[WhiteElo "2234"]
[BlackElo "2402"]

1.e4 c5 2.c3 Nf6 3.e5 Nd5 4.Nf3 e6 5.Bc4 d6 6.d4 cxd4 7.cxd4 Nb6 8.Bb3 dxe5
9.Nxe5 Nc6 10.Nf3 Be7 11.O-O Bf6 12.Be3 Nd5 13.Nc3 Nxe3 14.fxe3 O-O 15.Rc1 e5
16.dxe5 Bg5 17.Nxg5 Qxg5 18.Qf3 Nxe5 19.Qf4 Qh5 20.Bd1 Bg4 21.Bxg4 Nxg4 22.Ne4 Rae8
23.h3 Ne5 24.Qg3 Qg6 25.Qxg6 Nxg6 26.Nd6 Re7 27.Nf5 Rd7 28.Rfd1 Rfd8 29.Rxd7 Rxd7
30.Rc8+ Nf8 31.Nd4 g6 32.Kf2 Kg7 33.Ke2 h5 34.Ra8 a6 35.Rc8 Re7 36.a4 Nh7
37.Kd3 Nf6 38.Rd8 Ne4 39.b4 Nf2+ 40.Ke2 Ne4 41.Kd3 Nf2+  1/2-1/2

[Event "Albena Masters Open 2012"]
[Site "Albena BUL"]
[Date "2012.06.02"]
[Round "8.32"]
[White "Klein,Bo"]
[Black "Dukaczewski,P"]
[Result "0-1"]
[WhiteElo "2089"]
[BlackElo "2290"]

1.e4 c5 2.c3 Nf6 3.e5 Nd5 4.d4 cxd4 5.cxd4 e6 6.Nc3 Nxc3 7.bxc3 Qc7 8.Bd2 b6
9.Nf3 Bb7 10.Bd3 d6 11.O-O Nd7 12.Re1 dxe5 13.Nxe5 Nxe5 14.Rxe5 Bd6 15.Bb5+ Bc6
16.Qf3 Rc8 17.Bxc6+ Qxc6 18.d5 Qb7 19.Re3 e5 20.Qf5 Qd7 21.Qh5 h6 22.Rae1 Kd8
23.Rg3 f6 24.Qg6 Rc7 25.Qd3 Qa4 26.Rg6 Qxa2 27.f4 Re8 28.g3 e4 29.Qe2 e3
30.Bc1 Qxe2 31.Rxe2 Rxc3 32.Bb2 Rc7 33.Kg2 Bc5 34.g4 Rf7 35.h4 Kd7 36.Kf3 a5
37.Bc1 a4 38.g5 hxg5 39.hxg5 fxg5 40.Rxg5 a3 41.Rgg2 Kd6 42.Ra2 Ra7 43.Rge2 b5
44.Rg2 b4 45.Rg6+ Kxd5 46.Rg5+ Kd6 47.Rc2 Ra5 48.Rg6+ Re6 49.Rxg7 b3 50.Re2 Bd4
51.Rg5 Rxg5 52.fxg5 a2 53.Ba3+ Bc5 54.Bb2 Kd5 55.Kf4 Bd4 56.Bxd4 Kxd4 57.Re1 b2
58.Kf5 b1=Q+ 59.Rxb1 axb1=Q+ 60.Kxe6 Qg6+  0-1

[Event "FSFMA June 2012"]
[Site "Budapest HUN"]
[Date "2012.06.02"]
[Round "1.3"]
[White "Montolio Benedicto,C"]
[Black "Farkas,Las"]
[Result "1-0"]
[WhiteElo "1963"]
[BlackElo "1930"]

1.e4 c5 2.c3 Nf6 3.e5 Nd5 4.Nf3 d6 5.exd6 e6 6.d4 Bxd6 7.Bc4 Nb6 8.Bb3 Qc7
9.O-O N8d7 10.Be3 c4 11.Bc2 Nd5 12.Nbd2 b5 13.Ne4 Be7 14.Bg5 f6 15.Bd2 Bb7
16.Re1 Nf8 17.Qe2 Qc6 18.Ng3 h5 19.Nf1 g5 20.h3 O-O-O 21.Be4 Bd6 22.Ne3 Bc7
23.Nxd5 exd5 24.Bf5+ Kb8 25.Qe7 Bc8 26.Bxc8 Kxc8 27.Qc5 Qxc5 28.dxc5 Nd7
29.c6 Nc5 30.Nd4 a6 31.Re7 Bd6 32.Rf7 Rhf8 33.Rh7 h4 34.Be3 Rde8 35.Nf5 Ne4
36.f3 Be5 37.fxe4 dxe4 38.Rd1 Re6 39.Rdd7 Kb8 40.Rb7+ Kc8 41.Ra7 Bb8 42.Ra8 Rfe8
43.Rb7  1-0

[Event "Victory Day 2012"]
[Site "Moscow RUS"]
[Date "2012.06.02"]
[Round "2.1"]
[White "Kunin,V"]
[Black "Tilicheev,V"]
[Result "0-1"]
[WhiteElo "2513"]
[BlackElo "2387"]

1.e4 c5 2.c3 Nf6 3.e5 Nd5 4.d4 Nc6 5.Nf3 cxd4 6.cxd4 d6 7.Bc4 Nb6 8.Bb5 dxe5
9.Nxe5 Bd7 10.Nxd7 Qxd7 11.Nc3 Rd8 12.O-O a6 13.Bxc6 Qxc6 14.Qg4 Qd7 15.Qg3 g6
16.Re1 Bg7 17.Bg5 Nc8 18.Qh4 O-O 19.Rad1 f6 20.Bc1 e6 21.Rd3 Nd6 22.Rh3 Nf5
23.Qe4 Nxd4 24.Bh6 Bxh6 25.Rxh6 e5 26.Rh3 Qc6 27.Qb1 Rf7 28.Rg3 Ne6 29.Ne4 Nf4
30.Rc3 Qa4 31.g3 Ne2+ 32.Kg2 Nxc3 33.bxc3 Qc6 34.Kg1 Kg7 35.h4 h5 36.Qb4 Rfd7
37.Kh2 Rc8 38.Re3 Qb5 39.Qa3 Qf1 40.Rf3 Rd1  0-1

[Event "1st Grand Europe Open"]
[Site "Golden Sands BUL"]
[Date "2012.06.05"]
[Round "2.11"]
[White "Vajda,Le"]
[Black "Mladenov,Sv"]
[Result "1-0"]
[WhiteElo "2600"]
[BlackElo "2413"]

1.e4 c5 2.c3 Nf6 3.e5 Nd5 4.d4 cxd4 5.Nf3 e6 6.cxd4 d6 7.Bc4 Nb6 8.Bb3 dxe5
9.Nxe5 Nc6 10.Nxc6 bxc6 11.O-O Be7 12.Nc3 Ba6 13.Re1 O-O 14.Bf4 Bc4 15.Bc2 g6
16.Rc1 Bd5 17.Bd3 Bg5 18.Qd2 Bxf4 19.Qxf4 Rb8 20.b3 Qe7 21.h4 Nd7 22.Nxd5 cxd5
23.Rc7 Qb4 24.Rec1 e5 25.Qg3 Qd2 26.Bf5 Nf6 27.Qxe5 Rb6 28.R7c2 Qh6 29.Qg3 Nh5
30.Qg4 Rf6 31.Bd7 Rf4 32.Qg5 Qg7 33.g3 Rxd4 34.Rc8 h6 35.Qe7 Re4 36.Qd6 Rxc8
37.Rxc8+ Kh7 38.Qxd5 Nxg3 39.Kg2 Rd4 40.Qb7 Nh5 41.Be8 Nf4+ 42.Kh2 Rd2 43.Bxf7 h5
44.Qxa7 Kh6 45.Qc5 Qf6 46.Qf8+ Qg7 47.Bc4 Rxf2+ 48.Kg3 Rg2+ 49.Kf3 Rg4 50.Qxg7+ Kxg7
51.a4 Ng2 52.a5 Nxh4+ 53.Ke2  1-0

[Event "Server24Chess 2012"]
[Site "Ortisei ITA"]
[Date "2012.06.05"]
[Round "4"]
[White "Manca,F"]
[Black "Baklan,V"]
[Result "1/2-1/2"]
[WhiteElo "2424"]
[BlackElo "2612"]

1.e4 c5 2.c3 Nf6 3.e5 Nd5 4.Nf3 d6 5.d4 cxd4 6.Qxd4 e6 7.Nbd2 Nc6 8.Bb5 Bd7
9.Bxc6 Bxc6 10.Nc4 f6 11.exd6 b5 12.Qe4 Qc8 13.Na5 Bd7 14.c4 bxc4 15.Nxc4 Nb6
16.Nfd2 Qc6 17.Qxc6 Bxc6 18.O-O Rd8 19.b3 Bxd6 20.Nxd6+ Rxd6 21.Nc4 Nxc4
22.bxc4 Rd4 23.Be3 Rxc4 24.Bxa7 Kd7 25.Rfd1+ Bd5 26.Be3 Ra8 27.a3 Raa4 28.Rd3 h5
29.h3 Ke7 30.Bd2 g5 31.Rc3 Rxc3 32.Bxc3 Rc4 33.Rc1 Kf7 34.Bd2 Rd4 35.Bb4 g4
36.h4 Kg6 37.Kh2 Re4 38.Re1 Rc4 39.Re2 f5 40.Bd6 f4 41.Rb2 Kf5 42.Rb4 e5
43.Rxc4 Bxc4 44.g3 Ke4 45.Bc7 Bb5 46.Bd6 Bc6 47.Bc7 f3  1/2-1/2

[Event "Victory Day 2012"]
[Site "Moscow RUS"]
[Date "2012.06.06"]
[Round "5.4"]
[White "Tilicheev,V"]
[Black "Belous,V"]
[Result "0-1"]
[WhiteElo "2387"]
[BlackElo "2518"]

1.e4 c5 2.c3 Nf6 3.e5 Nd5 4.Nf3 Nc6 5.d4 cxd4 6.cxd4 d6 7.Bc4 dxe5 8.dxe5 Ndb4
9.Qb3 e6 10.O-O Na5 11.Bb5+ Bd7 12.Qa4 Bxb5 13.Qxb5+ Nac6 14.Bg5 Qd3 15.Qxb7 Rb8
16.Qc7 Bc5 17.Nc3 O-O 18.Na4 Nd4 19.Nxc5 Nxf3+ 20.gxf3 Qg6 21.Ne4 h6 22.Qxa7 hxg5
23.Qe7 g4 24.Qg5 gxf3 25.Qxg6 fxg6 26.Nc5 Rf4 27.a4 Nc2 28.Rac1 Nd4 29.Nd3 Ne2+
30.Kh1 Rd4 31.Rcd1 Rbd8 32.a5 Kf7 33.b4 Rh8 34.Nf4 Rxf4 35.Rd7+ Ke8  0-1

[Event "Server24Chess 2012"]
[Site "Ortisei ITA"]
[Date "2012.06.07"]
[Round "6"]
[White "Bianco,V"]
[Black "Saravanan,V1"]
[Result "0-1"]
[WhiteElo "2132"]
[BlackElo "2401"]

1.e4 c5 2.c3 Nf6 3.e5 Nd5 4.d4 cxd4 5.cxd4 d6 6.Nf3 Nc6 7.Bc4 Nb6 8.Bb5 Bd7
9.Nc3 d5 10.h3 e6 11.Bd3 Be7 12.O-O O-O 13.Bb1 f5 14.exf6 Bxf6 15.Qd3 g6
16.Re1 Bg7 17.Be3 Rxf3 18.gxf3 e5 19.Ne2 Qh4 20.f4 e4 21.Qb3 Na5 22.Qa3 Nac4
23.Qb3 Bxh3 24.Bc1 e3 25.Ng3 exf2+ 26.Kxf2 Bxd4+  0-1

[Event "Mitropa Cup 2012"]
[Site "Sibenik CRO"]
[Date "2012.06.07"]
[Round "8"]
[White "Botta,Ga"]
[Black "Rombaldoni,D"]
[Result "0-1"]
[WhiteElo "2365"]
[BlackElo "2520"]

1.e4 c5 2.c3 Nf6 3.e5 Nd5 4.Nf3 Nc6 5.d4 cxd4 6.cxd4 d6 7.Bc4 Nb6 8.Bb5 dxe5
9.Nxe5 Bd7 10.Nxd7 Qxd7 11.Nc3 e6 12.O-O Be7 13.Qg4 O-O 14.Bxc6 bxc6 15.Bh6 Bf6
16.Rfd1 Kh8 17.Ne4 Rg8 18.Bg5 Bxg5 19.Nxg5 h6 20.Rac1 Rgd8 21.Nf3 f6 22.Re1 Re8
23.Rc2 Nd5 24.Rce2 Rab8 25.b3 Nc7 26.h3 Rb5 27.Rc1 Rd5 28.Rec2 Rd6 29.Qe4 Nd5
30.a3 Ne7 31.b4 Rb8 32.Rc5 Rb6 33.g4 Kg8 34.Kg2 Rd5 35.Re1 Kf7 36.h4 Rb5
37.Rc3 h5 38.g5 Nf5 39.gxf6 gxf6 40.Kh1 Rd6 41.Rg1 Rbd5 42.Rc4 Kf8 43.a4 Qh7
44.Kh2 Qc7 45.Kh3 a6 46.Qc2 Qd7 47.Kh2 Qc7 48.Kh1 Qb7 49.Rg2 Qd7 50.Qe2 Qh7
51.Qc2 Qc7 52.Qe2 Qb7 53.Qc2 Kf7 54.Qd1 Nh6 55.Qb1 Rf5 56.Rc5 Rdd5 57.Rxd5 cxd5
58.Nh2 Qc7 59.Qg1 Kf8 60.Rg6 Qh7 61.Rg3 Ng8 62.Qc1 Rxf2 63.Qc8+ Kf7 64.Qc3 Qb1+  0-1

[Event "FSFMA June 2012"]
[Site "Budapest HUN"]
[Date "2012.06.08"]
[Round "6.1"]
[White "Farkas,R"]
[Black "Farkas,Las"]
[Result "1-0"]
[WhiteElo "2112"]
[BlackElo "1930"]

1.e4 c5 2.c3 Nf6 3.e5 Nd5 4.Bc4 Nc7 5.d4 b5 6.Bd3 Bb7 7.Nf3 c4 8.Bc2 d5 9.exd6 exd6
10.O-O Be7 11.a4 a6 12.Nbd2 Nd7 13.Re1 O-O 14.Ne4 Ne6 15.Ng3 Nf6 16.Nf5 Re8
17.Ng5 Nxg5 18.Bxg5 Nd5 19.Nxe7+ Nxe7 20.axb5 f6 21.bxa6 Bxg2 22.Kxg2 fxg5
23.Qg4 Ng6 24.Bxg6 hxg6 25.Rxe8+ Qxe8 26.d5 Qb5 27.Qe6+ Kh7 28.Re1 Qxa6 29.Re3 g4
30.Qxg4 Qc8 31.Rh3+ Kg8 32.Qxg6 Qd8 33.Qe6+  1-0

[Event "5th Mayors Cup 2012"]
[Site "Mumbai IND"]
[Date "2012.06.08"]
[Round "3.23"]
[White "Patil,Pr2"]
[Black "Rajesh,VA"]
[Result "0-1"]
[WhiteElo "2205"]
[BlackElo "2364"]

1.e4 c5 2.c3 Nf6 3.e5 Nd5 4.d4 cxd4 5.Nf3 Nc6 6.cxd4 d6 7.Bc4 Nb6 8.Bb5 e6
9.Nc3 d5 10.O-O Be7 11.Qe2 Bd7 12.Bd3 Rc8 13.Rd1 a6 14.Bb1 Nc4 15.Ne1 Qb6
16.Qg4 Nxb2 17.Qxg7 Rf8 18.Rd2 Nc4 19.Rd3 Nxd4 20.Nf3 Nf5 21.Qxh7 Nb2 22.Rd2 Rxc3
23.Bxf5 Nc4 24.Rd3 Rxc1+ 25.Rxc1 exf5 26.Rxd5 Be6 27.Rd3 Qb2 28.Rdc3 b5 29.Nd4 b4  0-1

[Event "Server24Chess 2012"]
[Site "Ortisei ITA"]
[Date "2012.06.08"]
[Round "7"]
[White "Okhotnik,V"]
[Black "Rotstein,A"]
[Result "1/2-1/2"]
[WhiteElo "2463"]
[BlackElo "2512"]

1.e4 c5 2.c3 Nf6 3.e5 Nd5 4.Nf3 e6 5.d4 cxd4 6.cxd4 d6 7.Bc4 Be7 8.O-O O-O
9.exd6 Qxd6 10.Nc3 Nc6 11.Re1 Nf6 12.a3 Rd8 13.Be3 a6 14.b4 b5 15.Ba2 a5
16.Nxb5 Qb8 17.a4 Nxb4 18.Ne5 Bb7 19.Bc4 Bd5 20.Bxd5 Nfxd5 21.Rc1 Bf6 22.Ng4 Rc8
23.Qd2 Be7 24.Ne5 Qb7 25.Nc4 Qd7 26.Red1 Qd8 27.g3 h6 28.Qe2 Nc6 29.Qg4 Kf8
30.Qf3 Bb4 31.Kg2 Rab8 32.h4 Kg8 33.Kh2 Qe7 34.Bf4 Qf6 35.Ne5 Nxe5 36.dxe5 Qe7
37.Be3 Qe8 38.Bd4 Rxc1 39.Rxc1 Rc8 40.Qd1 Rc6 41.Rc2 Qd7 42.Rxc6 Qxc6 43.Qd3 Ne7
44.Bb2 Qd5 45.Qxd5 Nxd5 46.Bd4 h5 47.Kg2 Kf8 48.Kf3 Ke7 49.Ke4 Kd7 50.Kd3 Kc6
51.Kc4 Nb6+ 52.Kb3 Nd7 53.Kc4 g6 54.Na7+ Kb7 55.Nb5 Nb6+ 56.Kb3 Kc6 57.Na7+ Kc7
58.Nb5+ Kb7 59.Be3 Nd7 60.f4 Kc6 61.Kc4 Nb6+ 62.Bxb6 Kxb6 63.Nd6 f5 64.Nf7 Be1
65.Ng5 Bxg3 66.Nxe6 Bxh4 67.Nf8 Bd8 68.Kd3 h4 69.Ke2 Kc6 70.Kf3 g5 71.fxg5 Bxg5
72.Ne6 Bd2 73.Nd4+ Kd5 74.e6 Bg5 75.Nxf5 Kxe6 76.Nd4+ Kd5 77.Nb3 Bd8 78.Kg4  1/2-1/2

[Event "TCh-FRA Top 12 2012"]
[Site "Belfort FRA"]
[Date "2012.06.09"]
[Round "10.6"]
[White "Beikert,G"]
[Black "Vachier Lagrave,M"]
[Result "0-1"]
[WhiteElo "2436"]
[BlackElo "2680"]

1.e4 c5 2.c3 Nf6 3.d3 Nc6 4.f4 e6 5.Nf3 Be7 6.Na3 O-O 7.Be2 Rb8 8.O-O b5
9.e5 Nd5 10.Nxb5 Rxb5 11.c4 Ne3 12.Bxe3 Rxb2 13.Bd2 d5 14.Bc3 Rb6 15.Rb1 Bd7
16.Rxb6 Qxb6 17.Qb3 Rb8 18.Rb1 Qa6 19.Qxb8+ Nxb8 20.Rxb8+ Bf8 21.Be1 Qxa2
22.Bh4 Qxe2 23.Be7 Qe3+ 24.Kf1 h6 25.Rxf8+ Kh7 26.Bf6 Qxd3+ 27.Kf2 Qc2+ 28.Kg1 Qg6
29.f5 exf5 30.cxd5 gxf6 31.Rd8 Bb5  0-1

[Event "5th Mayors Cup 2012"]
[Site "Mumbai IND"]
[Date "2012.06.09"]
[Round "4.16"]
[White "Kathmale,S"]
[Black "Barbosa,O PHI"]
[Result "0-1"]
[WhiteElo "2241"]
[BlackElo "2550"]

1.e4 c5 2.c3 Nf6 3.e5 Nd5 4.Nf3 Nc6 5.Bc4 e6 6.d4 cxd4 7.cxd4 d6 8.O-O Be7
9.Qe2 O-O 10.Qe4 Qc7 11.Bd3 f5 12.exf6 Nxf6 13.Qe2 d5 14.h3 Bd6 15.Nc3 a6
16.Re1 Bd7 17.Bg5 Rae8 18.Rad1 Bc8 19.Bb1 Qb6 20.Bxf6 gxf6 21.Ng5 fxg5 22.Bxh7+ Kg7
23.Qh5 Qd8 24.Bc2 Rf7 25.Qh7+ Kf8 26.Qh8+ Ke7 27.Nxd5+ Kd7 28.Qh5 Rff8 29.Qg4 Qa5
30.Re5 Nxe5 31.dxe5 Qc5 32.Bg6 Qxf2+ 33.Kh1 Bxe5 34.Nf6+ Ke7 35.Ng8+ Rxg8
36.Qb4+ Kf6 37.Bxe8 Rxe8  0-1

[Event "Server24Chess 2012"]
[Site "Ortisei ITA"]
[Date "2012.06.09"]
[Round "8"]
[White "Bianco,V"]
[Black "Solomon,K"]
[Result "0-1"]
[WhiteElo "2132"]
[BlackElo "2429"]

1.e4 c5 2.c3 Nf6 3.e5 Nd5 4.d4 cxd4 5.cxd4 e6 6.Nc3 d6 7.f4 dxe5 8.fxe5 Bb4
9.Ne2 O-O 10.Bd2 Nc6 11.Nxd5 Bxd2+ 12.Qxd2 Qxd5 13.a3 Rd8 14.Rd1 Qe4 15.h4 b6
16.Rh3 Ba6 17.Qe3 Qxe3 18.Rxe3 Bxe2 19.Bxe2 Rxd4 20.Rxd4 Nxd4 21.Rc3 a5 22.Bf3 Rd8
23.Be4 f5 24.exf6 gxf6 25.Rc7 f5 26.Bb1 Rd6 27.Ba2 h6 28.h5 Nc6 29.Bb3 Nd8
30.Ke2 Kf8 31.Ra7 Nc6 32.Ra8+ Rd8 33.Rxd8+ Nxd8 34.Kd3 Ke7 35.Ba4 Nb7 36.b4 axb4
37.axb4 Nd6 38.Bc6 e5 39.g3 Kf6 40.Ke3 Kg5 41.Bf3 Nb5 42.Kd2 Nd6 43.Ke3 Nc4+
44.Kf2 Nd2 45.Bd1 Ne4+ 46.Kg2 Nc3  0-1